| 000 | 00843cam a2200229 a 4500 | ||
|---|---|---|---|
| 001 | 000006642 | ||
| 005 | 20200929153949.0 | ||
| 008 | 750207s1966 sp a 000 0 spa | ||
| 035 | _a(OCoLC)1163640 | ||
| 040 |
_aDO-SdBNP _cGAC _dOCoLC _dDLC |
||
| 050 | 0 | 0 |
_aDP362 _b.C4 |
| 082 |
_annn _bC392m |
||
| 100 | 1 |
_aCela, Camilo José _d1916-2002 _q(Camilo José Cela Trulock) _918449 |
|
| 245 | 1 | 0 |
_aMadrid. / _cCamilo José Cela. |
| 260 |
_aMadrid : _bAlfaguara, _c1966. |
||
| 300 |
_a78 p. : _bil. ; _c25 cm. |
||
| 490 | 1 |
_aCalidoscopio callejero, marítimo y campestre de C. J. C. para el reino y ultramar _v1 |
|
| 651 | 0 |
_aMadrid (Spain{Rpara} _xDescription And Travel. _918450 |
|
| 830 | 0 |
_aCalidoscopio callejero, marítimo y campestre de C. J. C. para el reino y ultramar ; _v1 _918451 |
|
| 910 | _aCatalogación por copia / LC | ||
| 049 | _aBNGR | ||
| 999 |
_c6432 _d6432 |
||